The shadow of the wind / (Record no. 174439)

000 -LEADER
fixed length control field 01521cam a2200337 a 4500
001 - CONTROL NUMBER
control field 13333748
003 - CONTROL NUMBER IDENTIFIER
control field Nust
005 - DATE AND TIME OF LATEST TRANSACTION
control field 20170126094806.0
008 - FIXED-LENGTH DATA ELEMENTS--GENERAL INFORMATION
fixed length control field 030905s2004 nyu 000 1 eng
010 ## - LIBRARY OF CONGRESS CONTROL NUMBER
LC control number 2003062376
020 ## - INTERNATIONAL STANDARD BOOK NUMBER
International Standard Book Number 9780753820254
040 ## - CATALOGING SOURCE
Original cataloging agency DLC
Transcribing agency DLC
Modifying agency DLC
041 1# - LANGUAGE CODE
Language code of text/sound track or separate title eng
Language code of original spa
043 ## - GEOGRAPHIC AREA CODE
Geographic area code e-sp---
050 00 - LIBRARY OF CONGRESS CALL NUMBER
Classification number PQ6668.U49
Item number S6613 2004
082 00 - DEWEY DECIMAL CLASSIFICATION NUMBER
Classification number 863.64
Author Mark ZAF
100 1# - MAIN ENTRY--PERSONAL NAME
Personal name Ruiz Zafón, Carlos,
Dates associated with a name 1964-
240 10 - UNIFORM TITLE
Uniform title Sombra del viento.
Language of a work English
245 14 - TITLE STATEMENT
Title The shadow of the wind /
Statement of responsibility, etc. Carlos Ruiz Zafón ; translated by Lucia Graves.
260 ## - PUBLICATION, DISTRIBUTION, ETC.
Place of publication, distribution, etc. New York :
Name of publisher, distributor, etc. Penguin Press,
Date of publication, distribution, etc. 2004.
300 ## - PHYSICAL DESCRIPTION
Extent 510 p. ;
Dimensions 25 cm.
650 #0 - SUBJECT ADDED ENTRY--TOPICAL TERM
Topical term or geographic name entry element Antiquarian booksellers
Geographic subdivision Spain
-- Barcelona
Form subdivision Fiction.
650 #0 - SUBJECT ADDED ENTRY--TOPICAL TERM
Topical term or geographic name entry element Rare books
Geographic subdivision Spain
-- Barcelona
Form subdivision Fiction.
651 #0 - SUBJECT ADDED ENTRY--GEOGRAPHIC NAME
Geographic name Barcelona (Spain)
Form subdivision Fiction.
700 1# - ADDED ENTRY--PERSONAL NAME
Personal name Graves, Lucia.
856 42 - ELECTRONIC LOCATION AND ACCESS
Materials specified Contributor biographical information
Uniform Resource Identifier <a href="http://www.loc.gov/catdir/enhancements/fy0721/2003062376-b.html">http://www.loc.gov/catdir/enhancements/fy0721/2003062376-b.html</a>
856 42 - ELECTRONIC LOCATION AND ACCESS
Materials specified Publisher description
Uniform Resource Identifier <a href="http://www.loc.gov/catdir/enhancements/fy0721/2003062376-d.html">http://www.loc.gov/catdir/enhancements/fy0721/2003062376-d.html</a>
856 41 - ELECTRONIC LOCATION AND ACCESS
Materials specified Sample text
Uniform Resource Identifier <a href="http://www.loc.gov/catdir/enhancements/fy0721/2003062376-s.html">http://www.loc.gov/catdir/enhancements/fy0721/2003062376-s.html</a>
906 ## - LOCAL DATA ELEMENT F, LDF (RLIN)
a 7
b cbc
c orignew
d 1
e ocip
f 20
g y-gencatlg
942 ## - ADDED ENTRY ELEMENTS (KOHA)
Source of classification or shelving scheme
Koha item type Book
Holdings
Withdrawn status Lost status Source of classification or shelving scheme Damaged status Not for loan Collection code Permanent Location Current Location Shelving location Date acquired Total Checkouts Total Renewals Full call number Barcode Date last seen Date last checked out Copy number Price effective from Koha item type
            Central Library (CL) Central Library (CL) Fiction 01/26/2017 6 11 863.64 ZAF CL1000 09/11/2025 09/10/2025 1 01/26/2017 Book
© 2023 Central Library, National University of Sciences and Technology. All Rights Reserved.